00347nam a2200145Ia 4500008004100000020001500041041000800056082001800064100001900082245003400101250000600135260003200141300001300173650001500186210716s2004 xx 000 0 und d a817649481X aeng a658.4092 BLAW aBlank, Warren. a9 Natural laws of Leadership. a1 aNew DelhibViva Booksc2004 axiii,241 aLeadership